<?xml version="1.0" encoding="UTF-8"?>
<record
    xmlns:xsi="http://www.w3.org/2001/XMLSchema-instance"
    xsi:schemaLocation="http://www.loc.gov/MARC21/slim http://www.loc.gov/standards/marcxml/schema/MARC21slim.xsd"
    xmlns="http://www.loc.gov/MARC21/slim">

  <leader>06099namaa22004451i 4500</leader>
  <controlfield tag="003">EG-GICUC</controlfield>
  <controlfield tag="005">20260510104700.0</controlfield>
  <controlfield tag="008">260510s2023    ua a|||frm||| 000 0 eng d</controlfield>
  <datafield tag="040" ind1=" " ind2=" ">
    <subfield code="a">EG-GICUC</subfield>
    <subfield code="b">eng</subfield>
    <subfield code="c">EG-GICUC</subfield>
    <subfield code="d">EG-GICUC</subfield>
    <subfield code="e">rda</subfield>
  </datafield>
  <datafield tag="041" ind1="0" ind2=" ">
    <subfield code="a">eng</subfield>
    <subfield code="b">eng</subfield>
    <subfield code="b">ara</subfield>
  </datafield>
  <datafield tag="049" ind1=" " ind2=" ">
    <subfield code="a">Deposit</subfield>
  </datafield>
  <datafield tag="082" ind1="0" ind2="4">
    <subfield code="a">616.99449</subfield>
  </datafield>
  <datafield tag="092" ind1=" " ind2=" ">
    <subfield code="a">616.99449</subfield>
    <subfield code="2">21</subfield>
  </datafield>
  <datafield tag="097" ind1=" " ind2=" ">
    <subfield code="a">M.Sc</subfield>
  </datafield>
  <datafield tag="099" ind1=" " ind2=" ">
    <subfield code="a">Cai01.19.06.Ph.D.2023.La.A</subfield>
  </datafield>
  <datafield tag="100" ind1="0" ind2=" ">
    <subfield code="a">Lamiaa Hassan Abd-El Hamid Kassem, </subfield>
    <subfield code="e">preparation.</subfield>
  </datafield>
  <datafield tag="245" ind1="1" ind2="4">
    <subfield code="a">The additive value of 3D automated breast ultrasound and contrast enhanced spectral mammography in assessment of Suspicious breast lesions /</subfield>
    <subfield code="c">by Lamiaa Hassan Abd-El Hamid Kassem ; Supervised Dr. Noha Abd El-Shafy Elsaid, Dr. Mohammed Mohammed Gomaa, Dr. Ghada Mohamed Abd-El-Salam. </subfield>
  </datafield>
  <datafield tag="246" ind1="1" ind2="5">
    <subfield code="a"> &#x627;&#x644;&#x642;&#x64A;&#x645;&#x629; &#x627;&#x644;&#x645;&#x636;&#x627;&#x641;&#x629; &#x644;&#x644;&#x645;&#x648;&#x62C;&#x627;&#x62A; &#x641;&#x648;&#x642; &#x627;&#x644;&#x635;&#x648;&#x62A;&#x64A;&#x629; &#x62B;&#x644;&#x627;&#x62B;&#x64A;&#x629; &#x627;&#x644;&#x623;&#x628;&#x639;&#x627;&#x62F; &#x627;&#x644;&#x622;&#x644;&#x64A; &#x648;&#x627;&#x644;&#x623;&#x634;&#x639;&#x629; &#x627;&#x644;&#x645;&#x627;&#x645;&#x648;&#x62C;&#x631;&#x627;&#x641;&#x64A; &#x628;&#x639;&#x62F; &#x627;&#x644;&#x635;&#x628;&#x63A;&#x629; &#x641;&#x64A; &#x62A;&#x642;&#x64A;&#x64A;&#x645; &#x625;&#x635;&#x627;&#x628;&#x627;&#x62A; &#x627;&#x644;&#x62B;&#x62F;&#x64A; &#x627;&#x644;&#x645;&#x634;&#x62A;&#x628;&#x647; &#x628;&#x647;&#x627; </subfield>
  </datafield>
  <datafield tag="264" ind1=" " ind2="0">
    <subfield code="c">2025.</subfield>
  </datafield>
  <datafield tag="300" ind1=" " ind2=" ">
    <subfield code="a">123 pages : </subfield>
    <subfield code="b">illustrations ;</subfield>
    <subfield code="c">25 cm. + </subfield>
    <subfield code="e">CD.</subfield>
  </datafield>
  <datafield tag="336" ind1=" " ind2=" ">
    <subfield code="a">text</subfield>
    <subfield code="2">rda content</subfield>
  </datafield>
  <datafield tag="337" ind1=" " ind2=" ">
    <subfield code="a">Unmediated</subfield>
    <subfield code="2">rdamedia</subfield>
  </datafield>
  <datafield tag="338" ind1=" " ind2=" ">
    <subfield code="a">volume</subfield>
    <subfield code="2">rdacarrier</subfield>
  </datafield>
  <datafield tag="502" ind1=" " ind2=" ">
    <subfield code="a">Thesis (Ph.D)-Cairo University, 2023.</subfield>
  </datafield>
  <datafield tag="504" ind1=" " ind2=" ">
    <subfield code="a">Bibliography: pages 109-121.</subfield>
  </datafield>
  <datafield tag="520" ind1=" " ind2="3">
    <subfield code="a">Background:  Worldwide, breast cancer is the most commonly diagnosed cancer among women accounting for over a million cases each year. Mammography still remains the gold standard for early detection of breast cancer, However, limitations exist So other techniques were added. Contrast Enhanced Spectral Mammography (CESM) allows better estimation of the lesion size and detection of multifocal breast cancers. Automated breast ultrasound (ABUS) is an innovation of breast ultrasound that attains 3-D images of the entire breast overcoming the limitations of hand-held ultrasound.
Patients and Methods: The study had been done at the Female Imaging Unit of the National Cancer Institute (NCI), Cairo University and in Baheya Foundation. One hundred and six patients were randomly chosen out of patients who were initially given BIRADS IV &#x2013; V by standard mammography.
The contrast enhanced digital mammography and 3D automated ultrasound data were evaluated by two experienced radiologists; both observers were blinded to the pathological data of each patient.
         Results: Regarding primary oustcome of our study in assessment of tumor size ,extension  and multiplicity,the use of ABUS after CESM showed significant increase in the senistivity of the test, with overall increased accuracy in detection of suspicious lesions .</subfield>
  </datafield>
  <datafield tag="520" ind1=" " ind2="3">
    <subfield code="a">&#x62A;&#x639;&#x62A;&#x645;&#x62F; &#x62E;&#x637;&#x629; &#x639;&#x644;&#x627;&#x62C; &#x645;&#x631;&#x64A;&#x636;&#x629; &#x633;&#x631;&#x637;&#x627;&#x646; &#x627;&#x644;&#x62B;&#x62F;&#x649; &#x639;&#x644;&#x649; &#x645;&#x631;&#x62D;&#x644;&#x629; &#x627;&#x644;&#x645;&#x631;&#x636; &#x648;&#x627;&#x644;&#x62A;&#x64A; &#x628;&#x62F;&#x648;&#x631;&#x647;&#x627; &#x62A;&#x62D;&#x62F;&#x62F; &#x639;&#x646; &#x637;&#x631;&#x64A;&#x642; &#x645;&#x639;&#x631;&#x641;&#x629; &#x62D;&#x62C;&#x645; &#x627;&#x644;&#x648;&#x631;&#x645;
&#x648;&#x645;&#x62F;&#x649; &#x625;&#x646;&#x62A;&#x634;&#x627;&#x631;&#x647; &#x641;&#x64A; &#x627;&#x644;&#x62C;&#x633;&#x645; &#x648;&#x623;&#x64A;&#x636;&#x627; &#x62E;&#x635;&#x627;&#x626;&#x635;&#x647; &#x627;&#x644;&#x628;&#x64A;&#x648;&#x644;&#x648;&#x62C;&#x64A;&#x629; &#x627;&#x644;&#x645;&#x62E;&#x62A;&#x644;&#x641;&#x629;. &#x643;&#x645;&#x627; &#x64A;&#x62F;&#x62E;&#x644; &#x639;&#x645;&#x631; &#x627;&#x644;&#x645;&#x631;&#x64A;&#x636;&#x629; &#x623;&#x64A;&#x636;&#x627; &#x641;&#x64A; &#x627;&#x644;&#x625;&#x639;&#x62A;&#x628;&#x627;&#x631;
&#x639;&#x646;&#x62F; &#x62A;&#x62D;&#x62F;&#x64A;&#x62F; &#x625;&#x633;&#x644;&#x648;&#x628; &#x639;&#x644;&#x627;&#x62C;&#x647;&#x627;.&#x648; &#x64A;&#x633;&#x62A;&#x62E;&#x62F;&#x645; &#x627;&#x644;&#x62A;&#x635;&#x648;&#x64A;&#x631; &#x627;&#x644;&#x634;&#x639;&#x627;&#x639;&#x649; &#x644;&#x644;&#x62B;&#x62F;&#x649; &#x628;&#x627;&#x644;&#x625;&#x636;&#x627;&#x641;&#x629; &#x625;&#x644;&#x649; &#x627;&#x644;&#x62A;&#x635;&#x648;&#x64A;&#x631; &#x627;&#x644;&#x634;&#x639;&#x627;&#x639;&#x649; &#x644;&#x644;&#x62B;&#x62F;&#x649; &#x628;&#x627;&#x644;&#x635;&#x628;&#x63A;&#x629; &#x643;&#x625;&#x62D;&#x62F;&#x649; &#x648;&#x633;&#x627;&#x626;&#x644; &#x62A;&#x62D;&#x62F;&#x64A;&#x62F; &#x645;&#x631;&#x62D;&#x644;&#x629; &#x633;&#x631;&#x637;&#x627;&#x646; &#x627;&#x644;&#x62B;&#x62F;&#x649;&#x60C; &#x648;&#x644;&#x643;&#x646;&#x647;&#x645;&#x627; &#x64A;&#x639;&#x631;&#x636;&#x627;&#x646; &#x627;&#x644;&#x645;&#x631;&#x64A;&#x636;&#x629; &#x644;&#x645;&#x62E;&#x627;&#x637;&#x631; &#x627;&#x644;&#x62A;&#x639;&#x631;&#x636; &#x644;&#x644;&#x625;&#x634;&#x639;&#x627;&#x639; &#x648;&#x623;&#x64A;&#x636;&#x627; &#x644;&#x62D;&#x62F;&#x648;&#x62B; &#x627;&#x644;&#x623;&#x639;&#x631;&#x627;&#x636; &#x627;&#x644;&#x62C;&#x627;&#x646;&#x628;&#x64A;&#x629;
&#x644;&#x644;&#x635;&#x628;&#x63A;&#x627;&#x62A; &#x627;&#x644;&#x645;&#x633;&#x62A;&#x62E;&#x62F;&#x645;&#x629; &#x623;&#x62B;&#x646;&#x627;&#x621; &#x627;&#x644;&#x641;&#x62D;&#x635;.&#x64A;&#x639;&#x62A;&#x628;&#x631; &#x627;&#x644;&#x62A;&#x634;&#x62E;&#x64A;&#x635; &#x628;&#x627;&#x644;&#x645;&#x648;&#x62C;&#x627;&#x62A; &#x641;&#x648;&#x642; &#x627;&#x644;&#x635;&#x648;&#x62A;&#x64A;&#x629; &#x645;&#x643;&#x645;&#x644;&#x627; &#x644;&#x644;&#x62A;&#x634;&#x62E;&#x64A;&#x635; &#x628;&#x627;&#x644;&#x62A;&#x635;&#x648;&#x64A;&#x631; &#x627;&#x644;&#x634;&#x639;&#x627;&#x639;&#x649; &#x644;&#x644;&#x62B;&#x62F;&#x649;. &#x648;&#x62A;&#x647;&#x62F;&#x641; &#x627;&#x644;&#x62F;&#x631;&#x627;&#x633;&#x629; &#x627;&#x644;&#x62D;&#x627;&#x644;&#x64A;&#x629; &#x625;&#x644;&#x649; &#x645;&#x642;&#x627;&#x631;&#x646;&#x629; &#x646;&#x62A;&#x627;&#x626;&#x62C; &#x627;&#x644;&#x62A;&#x635;&#x648;&#x64A;&#x631; &#x627;&#x644;&#x634;&#x639;&#x627;&#x639;&#x649; &#x644;&#x644;&#x62B;&#x62F;&#x649; &#x628;&#x627;&#x644;&#x635;&#x628;&#x63A;&#x629; &#x648;&#x627;&#x644;&#x645;&#x648;&#x62C;&#x627;&#x62A; &#x641;&#x648;&#x642; &#x627;&#x644;&#x635;&#x648;&#x62A;&#x64A;&#x629; &#x627;&#x644;&#x622;&#x644;&#x64A;&#x629; &#x641;&#x64A; &#x645;&#x639;&#x631;&#x641;&#x629; &#x62D;&#x62C;&#x645; &#x627;&#x644;&#x648;&#x631;&#x645; &#x648; &#x645;&#x62F;&#x649; &#x625;&#x646;&#x62A;&#x634;&#x627;&#x631;&#x647; &#x627;&#x644;&#x645;&#x648;&#x636;&#x639;&#x649; &#x648;&#x648;&#x62C;&#x648;&#x62F; &#x623;&#x643;&#x62B;&#x631; &#x645;&#x646; &#x628;&#x624;&#x631;&#x629; &#x633;&#x631;&#x637;&#x627;&#x646;&#x64A;&#x629; &#x641;&#x64A; &#x627;&#x644;&#x62B;&#x62F;&#x649;. &#x648;&#x62A;&#x62A;&#x645; &#x645;&#x642;&#x627;&#x631;&#x646;&#x629; &#x647;&#x630;&#x647; &#x627;&#x644;&#x646;&#x62A;&#x627;&#x626;&#x62C; &#x628;&#x646;&#x62A;&#x627;&#x626;&#x62C; &#x627;&#x644;&#x641;&#x62D;&#x635; &#x627;&#x644;&#x628;&#x627;&#x62B;&#x648;&#x644;&#x648;&#x62C;&#x649; &#x627;&#x644;&#x630;&#x649; &#x64A;&#x62A;&#x645; &#x628;&#x639;&#x62F; &#x625;&#x62C;&#x631;&#x627;&#x621; &#x627;&#x644;&#x62C;&#x631;&#x627;&#x62D;&#x629; &#x627;&#x644;&#x645;&#x637;&#x644;&#x648;&#x628;&#x629; &#x643;&#x645;&#x62C;&#x645;&#x648;&#x639;&#x629; &#x636;&#x627;&#x628;&#x637;&#x629;.
&#x648;&#x62E;&#x644;&#x635;&#x62A; &#x647;&#x630;&#x647; &#x627;&#x644;&#x62F;&#x631;&#x627;&#x633;&#x629; &#x625;&#x644;&#x649; &#x623;&#x646; &#x64A;&#x645;&#x643;&#x646; &#x627;&#x633;&#x62A;&#x62E;&#x62F;&#x627;&#x645; &#x627;&#x644;&#x645;&#x648;&#x62C;&#x627;&#x62A; &#x641;&#x648;&#x642; &#x627;&#x644;&#x635;&#x648;&#x62A;&#x64A;&#x629; &#x627;&#x644;&#x622;&#x644;&#x64A;&#x629; &#x643;&#x628;&#x62F;&#x64A;&#x644; &#x644;&#x644;&#x62A;&#x635;&#x648;&#x64A;&#x631;&#x627;&#x644;&#x634;&#x639;&#x627;&#x639;&#x649; &#x644;&#x644;&#x62B;&#x62F;&#x649;
&#x628;&#x627;&#x644;&#x635;&#x628;&#x63A;&#x629; &#x641;&#x64A; &#x62A;&#x62D;&#x62F;&#x64A;&#x62F; &#x645;&#x631;&#x62D;&#x644;&#x629; &#x633;&#x631;&#x637;&#x627;&#x646; &#x627;&#x644;&#x62B;&#x62F;&#x649; &#x62D;&#x64A;&#x62B; &#x623;&#x646;&#x647; &#x644;&#x627; &#x64A;&#x62D;&#x645;&#x644; &#x623;&#x649; &#x645;&#x62E;&#x627;&#x637;&#x631; &#x644;&#x644;&#x62A;&#x639;&#x631;&#x636; &#x644;&#x644;&#x625;&#x634;&#x639;&#x627;&#x639; &#x623;&#x648; &#x625;&#x633;&#x62A;&#x62E;&#x62F;&#x627;&#x645; &#x627;&#x644;&#x635;&#x628;&#x63A;&#x627;&#x62A;
&#x643;&#x645;&#x627; &#x623;&#x646;&#x647; &#x633;&#x631;&#x64A;&#x639; &#x648; &#x633;&#x647;&#x644; &#x627;&#x644;&#x625;&#x633;&#x62A;&#x62E;&#x62F;&#x627;&#x645; &#x628;&#x637;&#x631;&#x64A;&#x642;&#x629; &#x63A;&#x64A;&#x631; &#x62A;&#x62F;&#x627;&#x62E;&#x644;&#x64A;&#x629; &#x648; &#x644;&#x627; &#x64A;&#x639;&#x62A;&#x645;&#x62F; &#x639;&#x644;&#x649; &#x637;&#x628;&#x64A;&#x628; &#x627;&#x644;&#x623;&#x634;&#x639;&#x629; &#x627;&#x644;&#x630;&#x649; &#x64A;&#x642;&#x648;&#x645; &#x628;&#x627;&#x633;&#x62A;&#x62E;&#x62F;&#x627;&#x645;&#x647;.
&#x648; &#x625;&#x62A;&#x636;&#x62D; &#x623;&#x646; &#x646;&#x62A;&#x627;&#x626;&#x62C;&#x647; &#x645;&#x645;&#x627;&#x62B;&#x644;&#x629; &#x644;&#x644;&#x62A;&#x635;&#x648;&#x64A;&#x631; &#x627;&#x644;&#x634;&#x639;&#x627;&#x639;&#x649; &#x644;&#x644;&#x62B;&#x62F;&#x649; &#x628;&#x627;&#x644;&#x635;&#x628;&#x63A;&#x629; &#x641;&#x64A; &#x62A;&#x62D;&#x62F;&#x64A;&#x62F; &#x62D;&#x62C;&#x645; &#x627;&#x644;&#x648;&#x631;&#x645; &#x643;&#x645;&#x627; &#x623;&#x646;&#x647; &#x623;&#x643;&#x62B;&#x631; &#x62F;&#x642;&#x629; &#x641;&#x64A; &#x62A;&#x642;&#x64A;&#x64A;&#x645;
&#x645;&#x62F;&#x649; &#x627;&#x644;&#x625;&#x646;&#x62A;&#x634;&#x627;&#x631; &#x627;&#x644;&#x645;&#x648;&#x636;&#x639;&#x649;. &#x625;&#x644;&#x627; &#x623;&#x646; &#x627;&#x644;&#x62A;&#x635;&#x648;&#x64A;&#x631;&#x627;&#x644;&#x634;&#x639;&#x627;&#x639;&#x649; &#x644;&#x644;&#x62B;&#x62F;&#x649; &#x628;&#x627;&#x644;&#x635;&#x628;&#x63A;&#x629; &#x647;&#x648; &#x627;&#x644;&#x623;&#x641;&#x636;&#x644; &#x641;&#x64A; &#x62A;&#x62D;&#x62F;&#x64A;&#x62F; &#x648;&#x62C;&#x648;&#x62F; &#x623;&#x643;&#x62B;&#x631; &#x645;&#x646; &#x628;&#x624;&#x631;&#x629;
&#x633;&#x631;&#x637;&#x627;&#x646;&#x64A;&#x629; &#x641;&#x64A; &#x627;&#x644;&#x62B;&#x62F;&#x649; &#x627;&#x644;&#x645;&#x635;&#x627;&#x628;. &#x648; &#x644;&#x647;&#x630;&#x627; &#x641;&#x62A;&#x648;&#x635;&#x649; &#x627;&#x644;&#x62F;&#x631;&#x627;&#x633;&#x629; &#x628;&#x627;&#x644;&#x625;&#x633;&#x62A;&#x62E;&#x62F;&#x627;&#x645; &#x627;&#x644;&#x62A;&#x643;&#x627;&#x645;&#x644;&#x649; &#x644;&#x644;&#x645;&#x648;&#x62C;&#x627;&#x62A; &#x641;&#x648;&#x642; &#x627;&#x644;&#x635;&#x648;&#x62A;&#x64A;&#x629; &#x627;&#x644;&#x622;&#x644;&#x64A;&#x629; &#x648;
&#x627;&#x644;&#x62A;&#x635;&#x648;&#x64A;&#x631;&#x627;&#x644;&#x634;&#x639;&#x627;&#x639;&#x649; &#x644;&#x644;&#x62B;&#x62F;&#x649; &#x641;&#x64A; &#x627;&#x644;&#x625;&#x643;&#x62A;&#x634;&#x627;&#x641; &#x627;&#x644;&#x645;&#x628;&#x643;&#x631; &#x648; &#x641;&#x64A; &#x62A;&#x62D;&#x62F;&#x64A;&#x62F; &#x645;&#x631;&#x62D;&#x644;&#x629; &#x625;&#x646;&#x62A;&#x634;&#x627;&#x631; &#x633;&#x631;&#x637;&#x627;&#x646; &#x627;&#x644;&#x62B;&#x62F;&#x649;</subfield>
  </datafield>
  <datafield tag="530" ind1=" " ind2=" ">
    <subfield code="a">Issues also as CD.</subfield>
  </datafield>
  <datafield tag="546" ind1=" " ind2=" ">
    <subfield code="a">Text in English and abstract in Arabic &amp; English.</subfield>
  </datafield>
  <datafield tag="650" ind1=" " ind2="0">
    <subfield code="a">breast cancer </subfield>
  </datafield>
  <datafield tag="650" ind1=" " ind2="0">
    <subfield code="a">&#x633;&#x631;&#x637;&#x627;&#x646; &#x627;&#x644;&#x62B;&#x62F;&#x64A;</subfield>
  </datafield>
  <datafield tag="653" ind1=" " ind2="1">
    <subfield code="a">breast cancer </subfield>
    <subfield code="a">automated ultrasound</subfield>
    <subfield code="a">contrast enhanced mammography</subfield>
    <subfield code="a">suspicious breast lesions </subfield>
    <subfield code="a">&#x633;&#x631;&#x637;&#x627;&#x646; &#x627;&#x644;&#x62B;&#x62F;&#x64A;</subfield>
    <subfield code="a">&#x627;&#x644;&#x62A;&#x635;&#x648;&#x64A;&#x631; &#x627;&#x644;&#x622;&#x644;&#x64A; &#x628;&#x627;&#x644;&#x645;&#x648;&#x62C;&#x648;&#x627;&#x62A; &#x627;&#x644;&#x641;&#x648;&#x642; &#x627;&#x644;&#x635;&#x648;&#x62A;&#x64A;&#x647;</subfield>
  </datafield>
  <datafield tag="700" ind1="0" ind2=" ">
    <subfield code="a">Noha Abd El-Shafy Elsaid</subfield>
    <subfield code="e">thesis advisor.</subfield>
  </datafield>
  <datafield tag="700" ind1="0" ind2=" ">
    <subfield code="a">Mohammed Mohammed Gomaa</subfield>
    <subfield code="e">thesis advisor.</subfield>
  </datafield>
  <datafield tag="700" ind1="0" ind2=" ">
    <subfield code="a">Ghada Mohamed Abd-El-Salam</subfield>
    <subfield code="e">thesis advisor.</subfield>
  </datafield>
  <datafield tag="900" ind1=" " ind2=" ">
    <subfield code="b">01-01-2023</subfield>
    <subfield code="c">Noha Abd El-Shafy Elsaid</subfield>
    <subfield code="c">Mohammed Mohammed Gomaa</subfield>
    <subfield code="c">Ghada Mohamed Abd-El-Salam</subfield>
    <subfield code="U">Cairo University</subfield>
    <subfield code="F">National Cancer Institute </subfield>
    <subfield code="D">Department of Radio-Diagnosis</subfield>
  </datafield>
  <datafield tag="905" ind1=" " ind2=" ">
    <subfield code="a">Shimaa</subfield>
  </datafield>
  <datafield tag="942" ind1=" " ind2=" ">
    <subfield code="2">ddc</subfield>
    <subfield code="c">TH</subfield>
    <subfield code="e">21</subfield>
    <subfield code="n">0</subfield>
  </datafield>
  <datafield tag="999" ind1=" " ind2=" ">
    <subfield code="c">180051</subfield>
  </datafield>
  <datafield tag="952" ind1=" " ind2=" ">
    <subfield code="2">ddc</subfield>
    <subfield code="9">317914</subfield>
    <subfield code="a">CUCL</subfield>
    <subfield code="b">cl210</subfield>
    <subfield code="d">2026-05-10</subfield>
    <subfield code="i">93991</subfield>
    <subfield code="o">Cai01.19.06.Ph.D.2023.La.A</subfield>
    <subfield code="p">01010110093991000</subfield>
    <subfield code="r">2026-05-10 09:47:26</subfield>
    <subfield code="w">2026-05-10</subfield>
    <subfield code="y">TH</subfield>
  </datafield>
</record>
